000 00554nam a2200193Ia 4500
003 OSt
005 20251219170001.0
008 220923b |||||||| |||| 00| 0 eng d
037 _cGeneral Book
040 _aRTL
_cRTL
_beng
041 _2eng
_aeng
084 _aX:8MW , L9
_qRTL
100 _aPrabhu V B.
_9312006
245 0 _aA Manager at longe
260 _a New Delhi
_bVilkas Pub.
_c1979
300 _a125 p.
_bIncludes bibliographical references and index.
942 _hX:8MW, L9
_cGB
_2CC
_n0
999 _c616844
_d616844